[Event "Toronto Closed-D"]
[Site "Toronto CAN"]
[Date "2022.09.26"]
[Round "3"]
[White "Quick, Bryan"]
[Black "D'Souza, Carina"]
[Result "1/2-1/2"]
[WhiteElo "1713"]
[BlackElo "1854"]
[PlyCount "141"]
[EventDate "2022.09.12"]
[EventType "tourn"]
[EventRounds "9"]
[EventCountry "CAN"]

1. c4 e6 2. g3 d5 3. cxd5 exd5 4. Bg2 Nf6 5. Nf3 Bd6 6. d3 O-O 7. O-O c6 8. Bg5
h6 9. Bd2 Nbd7 10. Nc3 Re8 11. Re1 Qb6 12. Na4 Qd8 13. b4 Ne5 14. Nd4 Bg4 15.
Qc2 Qd7 16. Nc5 Bxc5 17. bxc5 Bh3 18. Bh1 h5 19. Bf4 h4 20. Nf3 Nxf3+ 21. Bxf3
hxg3 22. hxg3 Ng4 23. Qb2 f6 24. Rab1 Re7 25. Bd6 Rf7 26. e4 Ne5 27. Be2 dxe4
28. dxe4 Re8 29. Bxe5 Rxe5 30. Bc4 Be6 31. Rbd1 Qe7 32. Bxe6 Qxe6 33. Rd8+ Kh7
34. Kg2 Rh5 35. Rh1 Rxh1 36. Kxh1 Qxe4+ 37. Kg1 Qc4 38. Qd4 Qxd4 39. Rxd4 Kg6
40. Ra4 a6 41. Kg2 Kf5 42. Kf3 Ke5 43. Rc4 Kd5 44. Rc2 Re7 45. Kf4 Re5 46. Rb2
Kxc5 47. Rxb7 g5+ 48. Kf3 Kd4 49. Rb6 c5 50. Rxa6 c4 51. Rxf6 c3 52. Rd6+ Kc4
53. Rc6+ Kb4 54. a4 Kb3 55. Rb6+ Kxa4 56. Kg4 Rc5 57. Rb1 c2 58. Rc1 Kb3 59. f4
gxf4 60. Kxf4 Kb2 61. Rf1 c1=Q+ 62. Rxc1 Kxc1 63. g4 Kd2 64. g5 Rc4+ 65. Kf5
Ke3 66. g6 Rc8 67. g7 Ra8 68. Kf6 Kf4 69. Kf7 Kg5 70. g8=Q+ Rxg8 71. Kxg8
1/2-1/2

[Event "Toronto Closed-D"]
[Site "Toronto CAN"]
[Date "2022.09.26"]
[Round "3"]
[White "Sirkovich, Daniel"]
[Black "Kolpashnikova, Kamila"]
[Result "0-1"]
[WhiteElo "1773"]
[BlackElo "1490"]
[PlyCount "62"]
[EventDate "2022.09.12"]
[EventType "tourn"]
[EventRounds "9"]
[EventCountry "CAN"]

1. e4 c6 2. d4 d5 3. e5 e6 4. Nf3 Nd7 5. Bd3 c5 6. c3 cxd4 7. cxd4 Bb4+ 8. Nc3
Ne7 9. O-O Ng6 10. Ng5 Be7 11. Qh5 Bxg5 12. Bxg5 Qb6 13. Nb5 O-O 14. Be7 a6 15.
Bxf8 axb5 16. Bd6 Qxd4 17. Bxg6 hxg6 18. Qe2 Qc4 19. Qd2 Nb6 20. b3 Qe4 21.
Rac1 Bd7 22. f3 Qh4 23. Rc7 Bc6 24. Rc1 Ra6 25. Be7 Qh5 26. Qe3 Nd7 27. Bd6
Rxa2 28. Qc3 Qg5 29. Rc2 d4 30. Qd3 Ra1+ 31. Kf2 Qh4+ 0-1

[Event "Toronto Closed-D"]
[Site "Toronto CAN"]
[Date "2022.09.26"]
[Round "3"]
[White "Tenkov, Arkady"]
[Black "Moran-Venegas, Mario"]
[Result "0-1"]
[WhiteElo "1820"]
[BlackElo "1732"]
[PlyCount "68"]
[EventDate "2022.09.12"]
[EventType "tourn"]
[EventRounds "9"]
[EventCountry "CAN"]

1. e4 c5 2. Nc3 e6 3. d3 Nc6 4. g3 Be7 5. Bg2 Nf6 6. Nge2 d5 7. exd5 exd5 8.
O-O O-O 9. Kh1 h6 10. Bf4 a6 11. a4 Be6 12. h3 Rc8 13. g4 Bd6 14. Bxd6 Qxd6 15.
f4 d4 16. Ne4 Nxe4 17. dxe4 Rce8 18. Qd2 Bc8 19. f5 Ne5 20. b3 b6 21. f6 g5 22.
Nf4 Bxg4 23. Nd5 Bh5 24. h4 Ng4 25. Bf3 Qg3 26. Bxg4 Qxh4+ 27. Bh3 Qxh3+ 28.
Qh2 Bf3+ 29. Kg1 Qg4+ 30. Kf2 Rxe4 31. Ne7+ Kh7 32. Qxh6+ Kxh6 33. Rh1+ Bxh1
34. Rxh1+ Qh4+ 0-1

[Event "Toronto Closed-D"]
[Site "Toronto CAN"]
[Date "2022.10.03"]
[Round "4"]
[White "D'Souza, Carina"]
[Black "Abbarin, Shabnam"]
[Result "1-0"]
[WhiteElo "1854"]
[BlackElo "1469"]
[PlyCount "65"]
[EventDate "2022.09.12"]
[EventType "tourn"]
[EventRounds "9"]
[EventCountry "CAN"]

1. e4 c5 2. Nf3 d6 3. Bb5+ Bd7 4. Bxd7+ Qxd7 5. c4 g6 6. O-O Bg7 7. d4 cxd4 8.
Nxd4 Nf6 9. Nc3 Nc6 10. Nc2 O-O 11. f3 Rac8 12. Be3 b6 13. Qd2 Ne8 14. Rad1 Na5
15. b3 Nb7 16. Nd5 Nc7 17. Nd4 Nxd5 18. exd5 h5 19. Bg5 Bf6 20. Bxf6 exf6 21.
Qf4 Kg7 22. g4 Rh8 23. Rde1 Rce8 24. Nc6 Nc5 25. Qd4 hxg4 26. fxg4 Rxe1 27.
Qxf6+ Kg8 28. Rxe1 Qxg4+ 29. Kh1 Ne4 30. Ne7+ Kh7 31. Qxf7+ Kh6 32. Rg1 Ng5 33.
Qxg6# 1-0

[Event "Toronto Closed-D"]
[Site "Toronto CAN"]
[Date "2022.10.03"]
[Round "4"]
[White "Kolpashnikova, Kamila"]
[Black "Moran-Venegas, Mario"]
[Result "1-0"]
[WhiteElo "1490"]
[BlackElo "1732"]
[PlyCount "77"]
[EventDate "2022.09.12"]
[EventType "tourn"]
[EventRounds "9"]
[EventCountry "CAN"]

1. d4 Nf6 2. c4 e6 3. Nc3 Bb4 4. Qc2 d5 5. e3 O-O 6. Nf3 c5 7. a3 Bxc3+ 8. bxc3
Qa5 9. Bd3 dxc4 10. Bxc4 Nc6 11. O-O Bd7 12. Bd2 Rac8 13. Qb1 Qc7 14. Bd3 c4
15. Bc2 b6 16. e4 e5 17. Bg5 h6 18. Bh4 Nh5 19. d5 Na5 20. Be7 Rfe8 21. Bb4 b5
22. Qd1 Nf6 23. Re1 Nb7 24. a4 a6 25. axb5 axb5 26. h3 Nh7 27. Qd2 f6 28. Ra7
Ra8 29. Qe3 Rxa7 30. Qxa7 Rb8 31. Ra1 Ng5 32. Nxg5 hxg5 33. Ra6 Rc8 34. Bd1 Nc5
35. Bxc5 Qxc5 36. Qxd7 Kh8 37. Rc6 Rxc6 38. dxc6 b4 39. c7 1-0

[Event "Toronto Closed-D"]
[Site "Toronto CAN"]
[Date "2022.10.03"]
[Round "4"]
[White "Liu, Sean"]
[Black "Tenkov, Arkady"]
[Result "0-1"]
[WhiteElo "1532"]
[BlackElo "1820"]
[PlyCount "104"]
[EventDate "2022.09.12"]
[EventType "tourn"]
[EventRounds "9"]
[EventCountry "CAN"]

1. g3 Nf6 2. Bg2 e6 3. d4 h6 4. e4 d5 5. e5 Nfd7 6. c3 c5 7. Ne2 Nc6 8. Be3 Qb6
9. b3 cxd4 10. Nxd4 Bc5 11. f4 Bxd4 12. cxd4 Qb4+ 13. Nd2 Nxd4 14. O-O Nf5 15.
Bf2 O-O 16. g4 Ne7 17. Bg3 Nc6 18. Nf3 b6 19. g5 hxg5 20. Nxg5 Qd4+ 21. Kh1
Qxd1 22. Rfxd1 Bb7 23. Bh3 Rfe8 24. f5 exf5 25. Bxf5 Ndxe5 26. Kg1 Rad8 27.
Rac1 g6 28. Bb1 f6 29. Nh3 g5 30. Rf1 Kg7 31. b4 b5 32. Rc5 a6 33. Rd1 Bc8 34.
Nf2 Be6 35. Nd3 Nxd3 36. Rxc6 Nxb4 37. Rc7+ Rd7 38. Rxd7+ Bxd7 39. a3 Nc6 40.
Rxd5 Bh3 41. Rc5 Nd4 42. Rc7+ Kg8 43. Bg6 Rc8 44. Rxc8+ Bxc8 45. Kf2 Kg7 46.
Be8 Kf8 47. Bh5 Ke7 48. Bg6 Bf5 49. Bxf5 Nxf5 50. Bc7 Nd6 51. Ba5 Nc4 52. Bb4+
Ke6 0-1

[Event "Toronto Closed-D"]
[Site "Toronto CAN"]
[Date "2022.10.03"]
[Round "4"]
[White "Sirkovich, Daniel"]
[Black "Adulfo, Vincent Angel"]
[Result "1-0"]
[WhiteElo "1773"]
[BlackElo "1654"]
[PlyCount "49"]
[EventDate "2022.09.12"]
[EventType "tourn"]
[EventRounds "9"]
[EventCountry "CAN"]

1. e4 c5 2. Nf3 d6 3. d4 cxd4 4. Nxd4 Nf6 5. Nc3 a6 6. Be3 e6 7. f3 Qc7 8. Qd2
Nbd7 9. O-O-O Be7 10. g4 Nc5 11. g5 Nfd7 12. b4 b5 13. bxc5 Nxc5 14. Ndxb5 axb5
15. Nxb5 Qa5 16. Qxa5 Rxa5 17. Nxd6+ Bxd6 18. Rxd6 Nd7 19. Bc4 Ne5 20. Bb3 Nxf3
21. Bb6 Ke7 22. Rhd1 Rxg5 23. Rd8 Rf8 24. Rxf8 Kxf8 25. Rd8+ 1-0

[Event "Toronto Closed-D"]
[Site "Toronto CAN"]
[Date "2022.10.03"]
[Round "4"]
[White "Tseng, Elliot"]
[Black "Quick, Bryan"]
[Result "1-0"]
[WhiteElo "1518"]
[BlackElo "1713"]
[PlyCount "69"]
[EventDate "2022.09.12"]
[EventType "tourn"]
[EventRounds "9"]
[EventCountry "CAN"]

1. e4 c5 2. Nf3 Nc6 3. Bb5 g6 4. O-O Bg7 5. c4 Nf6 6. d3 O-O 7. Nc3 Ne8 8. Re1
Nc7 9. Ba4 Ne6 10. Bd2 d6 11. a3 Ned4 12. Nxd4 Nxd4 13. Qc1 f5 14. Bh6 e5 15.
Nd5 Bxh6 16. Qxh6 Be6 17. Nc3 a6 18. Ne2 fxe4 19. Nxd4 cxd4 20. Rxe4 Qf6 21.
Qd2 d5 22. cxd5 Bxd5 23. Re2 b5 24. Bc2 Rae8 25. Rae1 Re7 26. f3 Kg7 27. Qb4
Rc8 28. Bb3 Ba8 29. f4 Rce8 30. fxe5 Rxe5 31. Rf1 Qg5 32. Qxd4 Kh6 33. Ref2 Re2
34. g3 Qd2 35. Qh4+ 1-0

[Event "Toronto Closed-D"]
[Site "Toronto CAN"]
[Date "2022.10.17"]
[Round "5"]
[White "Abbarin, Shabnam"]
[Black "Tseng, Elliot"]
[Result "0-1"]
[WhiteElo "1469"]
[BlackElo "1518"]
[PlyCount "26"]
[EventDate "2022.09.12"]
[EventType "tourn"]
[EventRounds "9"]
[EventCountry "CAN"]

1. e4 e5 2. Nf3 Nc6 3. d4 exd4 4. Nxd4 Nf6 5. Nxc6 bxc6 6. e5 Qe7 7. Qe2 Nd5 8.
c4 Ba6 9. b3 Qh4 10. g3 Qd4 11. Bb2 Bb4+ 12. Nd2 Qxb2 13. Rd1 Nc3 0-1

[Event "Toronto Closed-D"]
[Site "Toronto CAN"]
[Date "2022.10.27"]
[Round "5"]
[White "Adulfo, Vincent Angel"]
[Black "Kolpashnikova, Kamila"]
[Result "0-1"]
[WhiteElo "1654"]
[BlackElo "1490"]
[PlyCount "94"]
[EventDate "2022.09.12"]
[EventType "tourn"]
[EventRounds "9"]
[EventCountry "CAN"]

1. d4 d5 2. c4 e6 3. Nc3 Nf6 4. Nf3 c6 5. e3 Nbd7 6. Bd3 Be7 7. O-O O-O 8. Re1
c5 9. Qc2 cxd4 10. exd4 dxc4 11. Bxc4 Nb6 12. Bd3 Nbd5 13. Bg5 Nb4 14. Qb1 Nxd3
15. Qxd3 h6 16. Bh4 Qb6 17. d5 Rd8 18. Bxf6 Bxf6 19. Ne4 exd5 20. Nxf6+ Qxf6
21. Qb5 Bg4 22. Ne5 Be6 23. Qxb7 Rab8 24. Qxa7 Rxb2 25. Nc6 Rd7 26. Qe3 d4 27.
Qg3 Rd5 28. Ne5 d3 29. Rad1 Re2 30. Nf3 Rxe1+ 31. Nxe1 d2 32. Nf3 Qb2 33. Qf4
Qc2 34. Qb8+ Kh7 35. Qb3 Qe4 36. Qe3 Qa4 37. Qb3 Qa5 38. h3 Rd7 39. Qc2+ g6 40.
Rxd2 Rxd2 41. Nxd2 Qxa2 42. Qc3 Qd5 43. f3 Bf5 44. Nc4 Qc5+ 45. Qe3 Qxc4 46. g4
Be6 47. h4 Bxg4 0-1

[Event "Toronto Closed-D"]
[Site "Toronto CAN"]
[Date "2022.10.17"]
[Round "5"]
[White "Moran-Venegas, Mario"]
[Black "Liu, Sean"]
[Result "1-0"]
[WhiteElo "1732"]
[BlackElo "1532"]
[PlyCount "92"]
[EventDate "2022.09.12"]
[EventType "tourn"]
[EventRounds "9"]
[EventCountry "CAN"]

1. c4 c5 2. g3 Nc6 3. Bg2 g6 4. Nc3 Bg7 5. e3 d6 6. Nge2 Nf6 7. O-O O-O 8. b3
Be6 9. Bb2 d5 10. Nf4 dxc4 11. Nxe6 fxe6 12. bxc4 Ne5 13. Qb3 Rb8 14. Nb5 Nc6
15. Rac1 Qxd2 16. Rfd1 Qa5 17. Bc3 Qb6 18. Qc2 a6 19. Na3 Nb4 20. Qb2 Nh5 21.
Bxg7 Nxg7 22. Nc2 Qa5 23. Nxb4 cxb4 24. Rb1 Qf5 25. Rd7 a5 26. Rxe7 Rf7 27.
Rxf7 Qxf7 28. Qe5 Rf8 29. Rf1 b6 30. Qd6 Qa7 31. Bh3 Re8 32. Rd1 Qb8 33. Qxb8
Rxb8 34. Rd6 Kf7 35. Rd7+ Kf8 36. Rc7 h6 37. Bf1 Kg8 38. Bd3 g5 39. Bg6 h5 40.
Bf7+ Kf8 41. Bg6 Kg8 42. Kf1 Kf8 43. Ke2 a4 44. Rf7+ Kg8 45. Ra7 Kf8 46. Rxa4
Ke7 1-0

[Event "Toronto Closed-D"]
[Site "Toronto CAN"]
[Date "2022.10.17"]
[Round "5"]
[White "Quick, Bryan"]
[Black "Sirkovich, Daniel"]
[Result "1-0"]
[WhiteElo "1713"]
[BlackElo "1773"]
[PlyCount "111"]
[EventDate "2022.09.12"]
[EventType "tourn"]
[EventRounds "9"]
[EventCountry "CAN"]

1. e4 c6 2. Nf3 d5 3. d3 Bg4 4. Be2 e6 5. O-O Bd6 6. Ne1 Bxe2 7. Qxe2 Nd7 8. c3
Ne7 9. Nd2 Ng6 10. g3 O-O 11. Nb3 c5 12. Ng2 Qb6 13. Be3 Nf6 14. Bg5 Nd7 15. h4
h6 16. h5 Nge5 17. Bf4 d4 18. cxd4 cxd4 19. Bxe5 Nxe5 20. f4 Nc6 21. Nd2 Qxb2
22. Rfb1 Qc2 23. Ne1 Qc3 24. Nc4 Ba3 25. Nc2 Bc5 26. Rb3 Qxc4 27. dxc4 d3+ 28.
Qe3 Bxe3+ 29. Nxe3 Rfd8 30. Rxb7 Nd4 31. Kf2 Ne2 32. Rb3 Rab8 33. Nf1 Rxb3 34.
axb3 Nc3 35. Nd2 Rd7 36. b4 f5 37. e5 Kf8 38. Ke3 Ne2 39. Kf2 Nd4 40. b5 Ke8
41. Ra6 Ke7 42. Ra3 Nc2 43. Rc3 Nb4 44. c5 Kd8 45. Rc4 Nc2 46. b6 axb6 47. cxb6
Rb7 48. Rc6 Kd7 49. Rd6+ Ke7 50. Nc4 Nb4 51. Na5 Rb8 52. b7 Re8 53. Rb6 d2 54.
Ke2 Rd8 55. Kd1 Rb8 56. Rxb4 1-0

[Event "Toronto Closed-D"]
[Site "Toronto CAN"]
[Date "2022.10.03"]
[Round "5"]
[White "Tenkov, Arkady"]
[Black "D'Souza, Carina"]
[Result "0-1"]
[WhiteElo "1820"]
[BlackElo "1854"]
[PlyCount "80"]
[EventDate "2022.09.12"]
[EventType "tourn"]
[EventRounds "9"]
[EventCountry "CAN"]

1. e4 c5 2. Nc3 d6 3. g3 Nc6 4. Bg2 g6 5. d3 Bg7 6. Nge2 e6 7. Be3 Nge7 8. Qd2
h6 9. h3 Rb8 10. d4 d5 11. Bf4 cxd4 12. Bxb8 dxc3 13. Nxc3 d4 14. Ne2 Nxb8 15.
O-O-O Nbc6 16. f4 e5 17. g4 exf4 18. Nxf4 Qb6 19. Nd5 Qd8 20. Rhf1 O-O 21. Nf6+
Kh8 22. Rde1 Ng8 23. Nd5 Be6 24. Kb1 Bxd5 25. exd5 Nce7 26. Qb4 Nxd5 27. Qxb7
Ne3 28. Rf2 Qa5 29. Rc1 Be5 30. Qe4 Nf6 31. Qd3 Rb8 32. Ka1 Nxg2 33. Rxg2 Nd5
34. Rf2 Nc3 35. a3 Na4 36. b3 Nc5 37. Qe2 Qxa3+ 38. Kb1 Bg7 39. Qc4 d3 40. c3
Rxb3+ 0-1

[Event "Toronto Closed-D"]
[Site "Toronto CAN"]
[Date "2022.10.27"]
[Round "6"]
[White "Adulfo, Vincent Angel"]
[Black "Quick, Bryan"]
[Result "1-0"]
[WhiteElo "1654"]
[BlackElo "1713"]
[PlyCount "65"]
[EventDate "2022.09.12"]
[EventType "tourn"]
[EventRounds "9"]
[EventCountry "CAN"]

1. d4 Nf6 2. c4 e6 3. Nc3 Bb4 4. Qc2 O-O 5. a3 Bxc3+ 6. Qxc3 d6 7. Nf3 b6 8.
Bg5 Bb7 9. e3 h6 10. Bh4 Nbd7 11. Bd3 Qe7 12. O-O Rfe8 13. Rfe1 g5 14. Nxg5
hxg5 15. Bxg5 Qf8 16. e4 Qg7 17. Qd2 Nf8 18. f4 d5 19. cxd5 exd5 20. Bxf6 Qxf6
21. e5 Qh6 22. Re3 Ne6 23. Rf1 Qh4 24. Rh3 Qe7 25. Bh7+ Kf8 26. f5 Ng5 27. f6
Nxh3+ 28. Kh1 Qxf6 29. exf6 Re4 30. Bxe4 dxe4 31. Qh6+ Ke8 32. Qxh3 Kd8 33. Rf5
1-0

[Event "Toronto Closed-D"]
[Site "Toronto CAN"]
[Date "2022.10.24"]
[Round "6"]
[White "D'Souza, Carina"]
[Black "Moran-Venegas, Mario"]
[Result "1-0"]
[WhiteElo "1854"]
[BlackElo "1732"]
[PlyCount "149"]
[EventDate "2022.09.12"]
[EventType "tourn"]
[EventRounds "9"]
[EventCountry "CAN"]

1. e4 c5 2. Nf3 d6 3. Bb5+ Nd7 4. Ba4 a6 5. c4 g6 6. O-O Bg7 7. Nc3 Ngf6 8. d3
O-O 9. h3 b6 10. Be3 Bb7 11. Qd2 e5 12. Ne1 Kh8 13. Bg5 Qc7 14. Nc2 Rg8 15.
Bxd7 Qxd7 16. f4 Nh5 17. fxe5 Bxe5 18. Qf2 Raf8 19. Bh6 Ng7 20. Bf4 Qe7 21.
Bxe5 Qxe5 22. Qf6 Qxf6 23. Rxf6 Ne8 24. Rf2 Rg7 25. Ne3 Nc7 26. Raf1 h5 27.
Ncd5 Bxd5 28. Nxd5 Nxd5 29. cxd5 Kg8 30. Rf6 Rd8 31. Kf2 Kf8 32. Ke3 Ke7 33. d4
cxd4+ 34. Kxd4 Rc8 35. R1f2 Rc1 36. e5 Rd1+ 37. Kc4 b5+ 38. Kb4 Rd4+ 39. Ka5
Ra4+ 40. Kb6 dxe5 41. d6+ Kd7 42. Rc2 Rc4 43. Rxc4 bxc4 44. Kc5 g5 45. Rf5 Ke6
46. g4 hxg4 47. hxg4 f6 48. Kxc4 Rb7 49. b4 Rb6 50. Kc5 Rxd6 51. a4 Kd7 52. b5
axb5 53. axb5 Kc7 54. Rf3 Rb6 55. Re3 Re6 56. Re2 Rd6 57. Rf2 e4 58. Re2 Re6
59. Kd4 Re5 60. b6+ Kxb6 61. Rxe4 Rc5 62. Re6+ Rc6 63. Kd5 Rxe6 64. Kxe6 Kc7
65. Kxf6 Kd7 66. Kxg5 Ke7 67. Kg6 Kf8 68. Kf6 Kg8 69. g5 Kf8 70. g6 Kg8 71. g7
Kh7 72. Kf7 Kh6 73. g8=Q Kh5 74. Qg3 Kh6 75. Qg6# 1-0

[Event "Toronto Closed-D"]
[Site "Toronto CAN"]
[Date "2022.10.24"]
[Round "6"]
[White "Kolpashnikova, Kamila"]
[Black "Liu, Sean"]
[Result "1/2-1/2"]
[WhiteElo "1490"]
[BlackElo "1532"]
[PlyCount "80"]
[EventDate "2022.09.12"]
[EventType "tourn"]
[EventRounds "9"]
[EventCountry "CAN"]

1. d4 Nf6 2. c4 e6 3. Nc3 Bb4 4. e3 O-O 5. Bd3 d5 6. Qc2 b6 7. cxd5 exd5 8. Nf3
h6 9. Ne5 Bb7 10. O-O c6 11. Bd2 Bd6 12. f4 Nbd7 13. Qd1 c5 14. Nb5 Bb8 15. Be1
c4 16. Bf5 Nxe5 17. fxe5 Nd7 18. Bb4 Re8 19. Qg4 Nxe5 20. dxe5 Rxe5 21. Bc3 Qe8
22. Bd7 Qe7 23. Bxe5 Qxe5 24. Qf4 Qe7 25. Qxf7+ Qxf7 26. Rxf7 Kxf7 27. Nd4 Be5
28. Rd1 Bxd4 29. Rxd4 Rd8 30. Bg4 Rd6 31. Bf3 Ke6 32. Kf2 Ke5 33. Ke2 g5 34.
Kd2 a5 35. a3 b5 36. h4 b4 37. axb4 axb4 38. hxg5 hxg5 39. Rg4 Kf5 40. Rd4 Ke5
1/2-1/2

[Event "Toronto Closed-D"]
[Site "Toronto CAN"]
[Date "2022.10.24"]
[Round "6"]
[White "Sirkovich, Daniel"]
[Black "Abbarin, Shabnam"]
[Result "1-0"]
[WhiteElo "1773"]
[BlackElo "1469"]
[PlyCount "137"]
[EventDate "2022.09.12"]
[EventType "tourn"]
[EventRounds "9"]
[EventCountry "CAN"]

1. e4 c5 2. Nf3 d6 3. d4 cxd4 4. Nxd4 Nf6 5. Nc3 a6 6. h3 e5 7. Nde2 Be6 8. Ng3
d5 9. exd5 Bxd5 10. Bg5 Bb4 11. Bxf6 gxf6 12. Nf5 Qa5 13. Qd2 Nc6 14. Nd6+ Bxd6
15. Qxd5 Bb4 16. Qxa5 Bxa5 17. Bd3 Nd4 18. O-O f5 19. Ne2 Nxe2+ 20. Bxe2 e4 21.
Rad1 Rd8 22. Rxd8+ Bxd8 23. Rd1 Rg8 24. Rd5 Bf6 25. Rxf5 Bxb2 26. Bc4 Rg7 27.
Bd5 f6 28. Bxe4 Re7 29. f3 Kf8 30. Rh5 Kg8 31. Rd5 h6 32. Rd8+ Kg7 33. Kf1 b6
34. Rd6 b5 35. Rxa6 Bc3 36. a4 bxa4 37. Rxa4 Rd7 38. Bd3 Re7 39. Re4 Rxe4 40.
Bxe4 h5 41. g4 h4 42. Ke2 Bb2 43. Kd3 Kf8 44. Bf5 Ke7 45. Ke4 Kd6 46. Bh7 Bc1
47. Kf5 Ke7 48. f4 Bb2 49. g5 Kf7 50. Kg4 Bc1 51. Bf5 Kg7 52. c4 Be3 53. Be4
Bf2 54. Kf5 Be3 55. gxf6+ Kf8 56. Ke5 Kf7 57. Bd5+ Kf8 58. Be6 Bd2 59. c5 Bc3+
60. Kf5 Bb4 61. c6 Bd6 62. Kg4 Ke8 63. Kxh4 Bxf4 64. Kg4 Be5 65. Kf5 Bd6 66. h4
Kd8 67. Bd7 Bf8 68. h5 Kc7 69. Kg6 1-0

[Event "Toronto Closed-D"]
[Site "Toronto CAN"]
[Date "2022.10.24"]
[Round "6"]
[White "Tseng, Elliot"]
[Black "Tenkov, Arkady"]
[Result "0-1"]
[WhiteElo "1518"]
[BlackElo "1820"]
[PlyCount "58"]
[EventDate "2022.09.12"]
[EventType "tourn"]
[EventRounds "9"]
[EventCountry "CAN"]

1. e4 c6 2. d4 d5 3. exd5 cxd5 4. Nf3 Nf6 5. Ne5 Nc6 6. Bb5 Bd7 7. Nxd7 Qxd7 8.
O-O a6 9. Ba4 b5 10. Bb3 e6 11. c3 Bd6 12. Nd2 O-O 13. f4 Qc7 14. Qf3 b4 15.
Qe3 a5 16. Nf3 h6 17. Ne5 a4 18. Bc2 Nxd4 19. cxd4 Qxc2 20. Nd3 Ne4 21. Re1 b3
22. Re2 Qc4 23. a3 Rfc8 24. Bd2 Qb5 25. Ree1 Rc2 26. Red1 Rac8 27. Rac1 Nxd2
28. Qxd2 Qb6 29. Qe3 R8c4 0-1

[Event "Toronto Closed-D"]
[Site "Toronto CAN"]
[Date "2022.10.31"]
[Round "7"]
[White "Abbarin, Shabnam"]
[Black "Adulfo, Vincent Angel"]
[Result "1-0"]
[WhiteElo "1469"]
[BlackElo "1654"]
[PlyCount "103"]
[EventDate "2022.09.12"]
[EventType "tourn"]
[EventRounds "9"]
[EventCountry "CAN"]

1. e4 c5 2. Nf3 d6 3. d4 cxd4 4. Nxd4 Nf6 5. Nc3 a6 6. Bc4 e6 7. Bb3 Be7 8. Be3
Qc7 9. Qd2 O-O 10. f3 Bd7 11. g4 Bc6 12. Bxe6 fxe6 13. Nxe6 Qa5 14. Nxf8 Bxf8
15. h4 Nbd7 16. Bd4 Ne5 17. Bxe5 dxe5 18. O-O-O b5 19. Kb1 b4 20. Ne2 Qc5 21.
Nc1 Bxe4 22. fxe4 Nxe4 23. Qd5+ Qxd5 24. Rxd5 a5 25. Nd3 a4 26. Rxe5 Nd2+ 27.
Kc1 Nc4 28. Re4 Rc8 29. b3 axb3 30. axb3 Ra8 31. Rxc4 Ra1+ 32. Kd2 Rxh1 33. g5
Be7 34. Nxb4 Rg1 35. Nd5 Ba3 36. Ke2 Rg2+ 37. Kf3 Rd2 38. Ke4 Kf7 39. b4 Rh2
40. Ke5 Re2+ 41. Kd6 Re6+ 42. Kd7 Ra6 43. h5 Bc1 44. Nc7 Ra7 45. Rc5 Ba3 46.
Rf5+ Kg8 47. c3 g6 48. hxg6 hxg6 49. Ra5 Rxa5 50. bxa5 Bc5 51. c4 Kf7 52. Ne6
1-0

[Event "Toronto Closed-D"]
[Site "Toronto CAN"]
[Date "2022.10.31"]
[Round "7"]
[White "Liu, Sean"]
[Black "D'Souza, Carina"]
[Result "1-0"]
[WhiteElo "1532"]
[BlackElo "1854"]
[PlyCount "80"]
[EventDate "2022.09.12"]
[EventType "tourn"]
[EventRounds "9"]
[EventCountry "CAN"]

1. e4 c5 2. c4 Nc6 3. Nf3 g6 4. Be2 Bg7 5. Nc3 d6 6. d3 h6 7. Bd2 e6 8. h3 Nge7
9. Qc1 Nd4 10. Nxd4 cxd4 11. Nd1 Bd7 12. O-O Rc8 13. b3 d5 14. exd5 exd5 15.
Nb2 Kf8 16. Bf3 Be6 17. Re1 Kg8 18. Qd1 Kh7 19. Bf4 Qd7 20. Rc1 b6 21. Qd2 Nf5
22. cxd5 Bxd5 23. Bxd5 Qxd5 24. Nc4 Rhe8 25. f3 b5 26. Nb2 g5 27. Bh2 Rxe1+ 28.
Rxe1 Qc5 29. Qe2 Ne3 30. Nd1 Nxd1 31. Rxd1 Qc2 32. Rd2 Qb1+ 33. Kf2 Rc1 34.
Qe4+ Kg8 35. Qa8+ Kh7 36. Qe4+ Kg8 37. Qa8+ Bf8 38. Bd6 Rf1+ 39. Kg3 Qe1+ 40.
Kg4 Qe6+ 1-0

[Event "Toronto Closed-D"]
[Site "Toronto CAN"]
[Date "2022.10.31"]
[Round "7"]
[White "Moran-Venegas, Mario"]
[Black "Tseng, Elliot"]
[Result "0-1"]
[WhiteElo "1732"]
[BlackElo "1518"]
[PlyCount "52"]
[EventDate "2022.09.12"]
[EventType "tourn"]
[EventRounds "9"]
[EventCountry "CAN"]

1. e4 e5 2. Nf3 Nc6 3. Bb5 a6 4. Ba4 Nf6 5. d3 b5 6. Bb3 d6 7. c3 Be7 8. Bg5 h6
9. Bh4 g5 10. Bg3 g4 11. Nfd2 Nh5 12. Bd5 Qd7 13. Qb3 Rf8 14. a4 Na5 15. Qa2 c6
16. Bb3 Nxb3 17. Qxb3 f5 18. exf5 Qxf5 19. O-O Qxd3 20. axb5 cxb5 21. Re1 Qf5
22. Qd5 Rb8 23. Ne4 Nxg3 24. hxg3 Bb7 25. Nxd6+ Bxd6 26. Qxd6 Qxf2+ 0-1

[Event "Toronto Closed-D"]
[Site "Toronto CAN"]
[Date "2022.10.31"]
[Round "7"]
[White "Quick, Bryan"]
[Black "Kolpashnikova, Kamila"]
[Result "1-0"]
[WhiteElo "1713"]
[BlackElo "1490"]
[PlyCount "127"]
[EventDate "2022.09.12"]
[EventType "tourn"]
[EventRounds "9"]
[EventCountry "CAN"]

1. e4 c6 2. Nc3 d5 3. Nf3 Bg4 4. h3 Bxf3 5. Qxf3 e6 6. Be2 Qf6 7. Qg3 Nd7 8. d3
d4 9. Nb1 e5 10. O-O Qg6 11. Qxg6 hxg6 12. f4 Bd6 13. Nd2 b5 14. c3 c5 15. Nf3
f6 16. fxe5 Bxe5 17. a4 bxa4 18. cxd4 cxd4 19. Rxa4 Nb6 20. Ra5 Nd7 21. Bd1 Rh5
22. Bd2 Bc7 23. Rxh5 gxh5 24. Nxd4 Bb6 25. Bxh5+ Ke7 26. Be3 Ne5 27. Nf5+ Kf8
28. Be2 Rc8 29. Bxb6 axb6 30. d4 Nd7 31. Bb5 Rc7 32. Ra1 Ne7 33. Ra8+ Kf7 34.
Nxe7 Kxe7 35. b3 Kd6 36. Bc4 Rb7 37. Bd5 Rb8 38. Rxb8 Nxb8 39. Kf2 Na6 40. g4
g5 41. Ke3 Nc7 42. Bf7 b5 43. Kd3 Kc6 44. e5 fxe5 45. dxe5 Nd5 46. Bxd5+ Kxd5
47. e6 Kxe6 48. Ke4 b4 49. Kd4 Kd6 50. Kc4 Ke5 51. Kxb4 Kf4 52. Kc4 Kg3 53. b4
Kxh3 54. b5 Kxg4 55. b6 Kh3 56. b7 g4 57. b8=Q g3 58. Qb1 Kh2 59. Qh7+ Kg1 60.
Kd3 Kf2 61. Qf5+ Kg1 62. Ke3 g2 63. Kf3 Kh2 64. Qc2 1-0

[Event "Toronto Closed-D"]
[Site "Toronto CAN"]
[Date "2022.10.28"]
[Round "7"]
[White "Tenkov, Arkady"]
[Black "Sirkovich, Daniel"]
[Result "0-1"]
[WhiteElo "1820"]
[BlackElo "1773"]
[PlyCount "64"]
[EventDate "2022.09.12"]
[EventType "tourn"]
[EventRounds "9"]
[EventCountry "CAN"]

1. e4 c6 2. d4 d5 3. Nc3 dxe4 4. Nxe4 Nf6 5. Nxf6+ exf6 6. c3 Bd6 7. Bd3 Na6 8.
Ne2 Bg4 9. f3 Bh5 10. Bf4 Nc7 11. Bxd6 Qxd6 12. Ng3 Bg6 13. Qe2+ Qe6 14. O-O-O
Qxe2 15. Nxe2 Nd5 16. Be4 Bxe4 17. fxe4 Ne3 18. Rd3 Nc4 19. Nf4 O-O-O 20. Nh5
Rhe8 21. Re1 f5 22. e5 Nxe5 23. dxe5 Rxd3 24. Nxg7 Rg8 25. Nxf5 Rxg2 26. Nd6+
Kd7 27. Nxf7 Ke6 28. Rf1 Rdd2 29. Rf6+ Ke7 30. Nd6 Rc2+ 31. Kd1 Rxb2 32. Rf7+
Ke6 0-1

[Event "Toronto Closed-D"]
[Site "Toronto CAN"]
[Date "2022.11.07"]
[Round "8"]
[White "Adulfo, Vincent Angel"]
[Black "Tenkov, Arkady"]
[Result "0-1"]
[WhiteElo "1654"]
[BlackElo "1445"]
[PlyCount "60"]
[EventDate "2022.09.12"]
[EventType "tourn"]
[EventRounds "9"]
[EventCountry "CAN"]

1. d4 Nf6 2. c4 e6 3. Nc3 b6 4. Nf3 Bb7 5. Bf4 Bb4 6. a3 Bxc3+ 7. bxc3 Ne4 8.
Qc2 f5 9. e3 d6 10. Rd1 Nd7 11. Bd3 g5 12. Bg3 O-O 13. O-O Ndf6 14. Nd2 Qe8 15.
f3 Nxg3 16. hxg3 Kg7 17. e4 f4 18. g4 e5 19. Nb3 c5 20. d5 Rh8 21. Kf2 h5 22.
g3 hxg4 23. Rh1 fxg3+ 24. Kxg3 gxf3 25. Kxf3 Qf7 26. Ke2 Rxh1 27. Rxh1 Ng4 28.
Ke1 Rf8 29. Qg2 Qf2+ 30. Qxf2 Nxf2 0-1